000 01611cam a22004694i 4500
003 PE-LiUPU
005 20250813162407.0
008 150623s1998 txu r 000 0 spa d
035 _a(Sirsi) a28352
040 _aPE-LiUPU
_bspa
_cPE-LiUPU
_erda
049 _aPRUA
082 0 4 _a222.13
_bL666
_221
245 0 0 _aLevítico, Números y Deuteronomio :
_bComentario Bíblico Mundo Hispano /
_cEditores generales: Daniel Carro. José Tomás Poe y Rubén O. Zorzoli.
264 1 _aEl Paso, Tex. :
_bMundo Hispano,
_c1998.
300 _a558 páginas ;
_c21 centímetros.
336 _atext
_2rdacontent
337 _aunmediated
_2rdamedia
338 _avolume
_2rdacarrier
490 0 _aComentario Biblico Mundo Hispano ;
_v3
505 0 _aLevítico -- Números -- Deuteronomio.
526 _aSEG42
526 _aSEG41
526 _aSEG40
526 _aSEG39
526 _aP94
526 _aP87
526 _aP86
526 _aP85
526 _aP77
526 _aP76
526 _aP35
630 1 4 _aBiblia.
_pLevítico
_xComentarios.
630 1 4 _aBiblia.
_pLevítico
_xComentarios.
_91751
630 1 4 _aBiblia.
_pDeuteronomio
_xComentarios.
_91545
700 1 _aCarro, Daniel,
_eeditor general.
700 _aPoe, José Tomás,
_eeditor general.
_96491
700 _aZorzoli, Rubén O.,
_eeditor general.
_96492
942 _2ddc
_cBK
949 _a220.77 C26 3
_wDEWEY
_c1
_i55049
_lCCODEBUL1
_mBUL
_p00.00
_r0
_sY
_tBOOK
_u2015-06-24
_xBIBLIOTECA
_zUNKNOWN
_0COMPRA
_o.STAFF. Colección General
980 _818226
_gJaime Vilcazán Jefe de Análisis Documental
999 _c35591
_d35591